000 00657nam a22002177a 4500
003 DO-SdBNP
005 20221115105222.0
007 ta
008 110301s2012 dr ac 000 0 spa d
020 _a9789945222289
040 _aDO-SdBNP
_bspa
_cBNPHU
082 4 _axxxx
_bS237l
100 _aSantos, Carlos
_91987
245 1 0 _aLetras blancas :
_bpoemas, encantos y flores para una ocasión... /
_cCarlos Santos
260 _aSanto Domingo :
_bBúho,
_c2022.
300 _a119 p. :
_c23 cm.
500 _aIncluye datos biográficos del autor en la solapa de la portada.
590 _aInventariado, 2022/ YL
910 _aYLockward
942 _2ddc
_cLBS1
999 _c52936
_d52936